The philosophy of jnanadeva : (Record no. 132783)

MARC details
000 -LEADER
fixed length control field 00793nam a22002297a 4500
005 - DATE AND TIME OF LATEST TRANSACTION
control field 20170124110159.0
010 ## - LIBRARY OF CONGRESS CONTROL NUMBER
LC control number A-680530
020 ## - INTERNATIONAL STANDARD BOOK NUMBER
Terms of availability 00.00
International Standard Book Number 8171547370
035 ## - SYSTEM CONTROL NUMBER
System control number A-680530
037 ## - SOURCE OF ACQUISITION
Source of stock number/acquisition Cen Lib/Ret
040 ## - CATALOGING SOURCE
Original cataloging agency DPL
Language of cataloging EN
082 ## - DEWEY DECIMAL CLASSIFICATION NUMBER
Classification number 181.41
Item number BAH
100 ## - MAIN ENTRY--PERSONAL NAME
Personal name Bahirat, B.P.
9 (RLIN) 35723
245 ## - TITLE STATEMENT
Title The philosophy of jnanadeva :
Statement of responsibility, etc by B.P. Bahirat
Remainder of title as gleaned from the Amṛtānubhava /
260 ## - PUBLICATION, DISTRIBUTION, ETC. (IMPRINT)
Place of publication, distribution, etc Bombay
Name of publisher, distributor, etc Popular Prakashan
Date of publication, distribution, etc 1956
270 ## - ADDRESS
Address 35-C, Pandit Madan Mohan Malaviya Marg Popular Press Bldg. opp. Roche Tardeo
City Bombay
Postal code 400034
300 ## - PHYSICAL DESCRIPTION
Extent xii,277p.
Dimensions 21cm(Hb)
500 ## - GENERAL NOTE
General note Includes bibliographical reference and index
650 ## - SUBJECT ADDED ENTRY--TOPICAL TERM
Topical term or geographic name as entry element Philosophy
9 (RLIN) 35724
650 ## - SUBJECT ADDED ENTRY--TOPICAL TERM
Topical term or geographic name as entry element Amr̥tānubhava (Jñānadeva)
9 (RLIN) 35725
942 ## - ADDED ENTRY ELEMENTS (KOHA)
Source of classification or shelving scheme Dewey Decimal Classification
Koha item type English Books
Classification part 181.41
Call number suffix BAH
Holdings
Withdrawn status Lost status Damaged status Not for loan Home library Current library Date acquired Source of acquisition Cost, normal purchase price Total Checkouts Full call number Barcode Date last seen Copy number Cost, replacement price Price effective from Koha item type Public note
Written off       Central Library Central Library 23/07/2015 Cen Lib/Ret 0.00   181.41 BAH A-680530 23/07/2015 1 0.00 23/07/2015 English Books W/d list no. 6806/13

© Delhi Public Library
Hit Counter
free hit counter